000 03436cam a2200313 4500500
005 20260111150020.0
041 _afre
042 _adc
100 1 0 _aClaeys-Mekdade, Cécilia
_eauthor
700 1 0 _aNicolas, Laurence
_eauthor
245 0 0 _aLe moustique fauteur de troubles
260 _c2009.
500 _a12
520 _aRésuméCet article propose une socio-anthropologie d’un insecte ordinaire, le moustique. Le suivi d’une controverse locale, relative aux projets de démoustication de la Camargue, permet de saisir les évolutions récentes du rapport entre l’homme et l’animal. En première analyse, la controverse se structure selon un principe dualiste, suivant la césure anthropocentrisme versus biocentrisme. Puis vient la mise à l’épreuve de cet ordonnancement, à la faveur de la perméabilité accrue des anciennes frontières entre nature et culture, utile et nuisible, savant et vernaculaire, protection et prédation. Au final, l’insecte n’est plus seulement un enjeu social, politique, économique, mais devient un prétexte pour parler non plus stricto sensu du rapport entre l’homme et la nature, mais aussi des rapports humains.
520 _aThis article concerns the socio-anthropology of an ordinary insect, the mosquito. The recent changes in the relationship between man and animals have been highlighted by a recent local controversy in the Camargue concerning mosquito eradication. A first step gives a dualist shape to this controversy, opposing anthropocentrism and biocentrism. Subsequently, such a dual order is questioned by the permeability of the old frontiers which exist between nature and culture, useful and harmful, scientific and popular knowledge, protection and predation. Finally, the insect has not only a social, political and economic impact, but becomes a pretext speaking not only of the relationship between man and nature, but also of humans themselves and their relationship to their own species.
520 _aZusammenfassungDer Artikel möchte die Sozialanthropologie eines ordinären Insekts, der Mücke, darstellen. Ausgehend von der lokalen Kontroverse um die Mückenvernichtung in der Carmague, sollen die aktuellen Entwicklungen der Beziehung zwischen Mensch und Tier nachgezeichnet werden. Zunächst ist festzuhalten, dass die Debatte durch den Dualismus von anthropozentrischer Zäsur und Biozentismus gekennzeichnet ist. Dieser Dualismus zeigt sich deutlich durch die zunehmende Durchlässigkeit alter Grenzen, die immer weniger Gültigkeit besitzen : Grenzen zwischen Natur und Kultur, Nutzen und Nichtnutzen, offiziellem und einheimischen Wissen sowie zwischen Schutz und Prädation. Zudem hat das Insekt keine ausschließlich soziale, politische oder wirtschaftliche Bedeutung mehr. Es wird vielmehr zum Vorwand um nicht mehr nur über die Beziehung von Mensch und Natur zu sprechen, sondern auch über die Beziehung der Menschen zu sich selbst.
690 _aanthropocentrisme
690 _abiocentrisme
690 _acamargue
690 _amoustique
690 _asocio-anthropologie
690 _aanthropocentrism
690 _abiocentrism
690 _acamargue
690 _amosquito
690 _asocio-anthropology
786 0 _nEthnologie française | 39 | 1 | 2009-01-05 | p. 109-116 | 0046-2616
856 4 1 _uhttps://shs.cairn.info/revue-ethnologie-francaise-2009-1-page-109?lang=fr&redirect-ssocas=7080
999 _c1636852
_d1636852